LEADER 01311nam a2200289 u 4500 001 000000113864 003 CaOOAMICUS 005 20081111170039.0 008 081111s2008 it u000 u ita r 020 $z978-88-343-1582-8* 040 $aPUL$bita$dLDB 100 1 $aMonti, Paolo.$0(OLS)http://pul/name/70234 245 10$aGeografie della ragione :$bRobert Audi e la questione della razionalitą in etica e in politica /$cPaolo Monti. 260 $aMilano :$bVita e pensiero,$cc2008. 300 $aviii, 190 p. ;$c22 cm 490 1 $aFilosofia morale ;$v35 500 $aContiene indici. 504 $aComprende indicazioni bibliografiche. 600 14$aAudi, Robert,$d1941-$0(OLS)http://pul/subject/34889 830 0$aFilosofia morale (Vita e Pensiero) ;$v35.$0(OLS)http://pul/title/60297 850 $aPUL 852 $aPUL$W1$xDP1 Cons. Gen., Altre Classi 1$y22$m389 A 35$j130068$qStampati$B129145$CPULBib$Z2$F129145 $H108744 $82 941 1 $a8 983 0$aV & P. Filosofia morale. 996 $6020$z978-88-343-1582-8*$9(OLS)http://pul/number/139170 996 $6245$aGeografie della ragione :$bRobert Audi e la questione della razionalitą in etica e in politica$9(OLS)http://pul/title/143084 996 $6260$aMilano :$bVita e pensiero$9(OLS)http://pul/publisher/48016 LEADER 01481nam a2200349 a 4500 001 000000124177 003 CaOOAMICUS 005 20110203114226.0 008 110203t2010 it u000 u ita r 020 $a978-88-452-6594-5 040 $aPUL$bita 041 1 $aita$agrc$hgrc 100 1 $aPlethon, Georgius Gemistus,$dSec. XV.$0(OLS)http://pul/name/78390 240 10$aPeri areton$lItaliano.$0(OLS)http://pul/title/156537 245 10$aTrattato delle virtł /$cGiorgio Gemisto Pletone ; introduzione all'autore e al testo, traduzione, note e apparati di Moreno Neri. 260 $aMilano :$bBompiani,$c©2010. 300 $a738 p. ;$c21 cm. 490 1 $aBompiani testi a fronte ;$v134 504 $aBibliografia p. [653]-738. 546 $aTesto greco a fronte. 700 1 $aNeri, Moreno.$0(OLS)http://pul/name/78391 830 0$aBompiani testi a fronte ;$v134.$0(OLS)http://pul/title/87343 850 $aPUL 852 $aPUL$W1$xSL Filosofia 2$y80$mPhil A2 2.134$j142982$qStampati Altre Collocazioni$B141998$CPULBib$Z2$F141998 $H115635 $82 900 $aGemistus Plethon, George$dsec. XV$978390 900 $aGemisto Pletone, Giorgio,$dsec. XV$978390 941 1 $a10 983 0$aTesti a fronte (Bompiani) 996 $6020$a978-88-452-6594-5$9(OLS)http://pul/number/146251 996 $6245$aTrattato delle virtł$9(OLS)http://pul/title/156536 996 $6260$aMilano :$bBompiani$9(OLS)http://pul/publisher/48240